00730nam a22002057a 450000500170000001000150001702000250003203500140005703700130007108200120008410000260009624500690012226000420019127000790023330000230031250000220033594200260035799900190038395201220040220180827113929.0 aENG-123772 c80.00a9788123761879 aEN-107304 bDBAD/PUB a320.454 aMahendra Prasad Singh aIndian federalism :cby Mahendra Prasad Singhban introduction / aNew Delhi bNational Book Trustc2011 aNehru Bhawan, 5 Industrial Area, Phae-II, Vasant Kunj,bNew Delhi e110070 ax,192p.c22cm(pbk) aIt includes index 2ddccENmMAHh320.454 c156371d156371 001040718NFICaDBADbBNd2018-08-27eDBAD/PUBg80.00l0o320.454 MAHpEN-107304r2018-08-27 00:00:00t1v80.00yEN